VHF projects for amateur & experimenter.

Bibliographic Details
Main Author: Green, Wayne
Format: Book
Language:English
Published: Blue Ridge Summit, Pa. : Tab Books, [1972]
Edition:[1st ed.].
Subjects:

MARC

Tag First Indicator Second Indicator Subfields
LEADER 00000cam a2200000 4500
001 in00000093143
005 20150925085249.0
008 730212s1972 paua 00000 eng
010 |a  72080562  
020 |a 0830626085 
020 |a 083061608X (pbk) 
035 |a (OCoLC)00584009 
035 |9 AAL1722AM 
037 |c $7.95 
040 |a DLC  |c DLC  |d TXA  |d UtOrBLW 
049 |a TXAM  |c [1233452] 
050 0 0 |a TK9956  |b .G648 
082 0 |a 621.3841/51 
100 1 |a Green, Wayne. 
245 1 0 |a VHF projects for amateur & experimenter. 
250 |a [1st ed.]. 
264 1 |a Blue Ridge Summit, Pa. :  |b Tab Books,  |c [1972] 
300 |a 224 pages :  |b illustrations ;  |c 23 cm. 
336 |a text  |b txt  |2 rdacontent 
337 |a unmediated  |b n  |2 rdamedia 
338 |a volume  |b nc  |2 rdacarrier 
500 |a Projects selected from articles originally published in 73 magazine. 
650 0 |a Shortwave radio  |v Amateurs' manuals. 
730 0 |a 73 amateur radio. 
999 |a MARS 
999 f f |s 7e5d146e-49d4-336a-8bd0-15baa8872c77  |i c5a2e2a3-c11e-3965-a0f2-a0dba9f33dba  |t 0 
952 f f |p normal  |a Texas A&M University  |b College Station  |c Sterling C. Evans Library  |d Evans: Library Stacks  |t 0  |e TK9956 .G648  |h Library of Congress classification  |i unmediated -- volume  |m A14805520002 
998 f f |a TK9956 .G648  |t 0  |l Evans: Library Stacks